Quality planning and analysis : from product development through use

Αποθηκεύτηκε σε:
Λεπτομέρειες βιβλιογραφικής εγγραφής
Κύριος συγγραφέας: Juran, J. M. (Joseph M.) 1904-
Άλλοι συγγραφείς: Gryna, Frank M.
Μορφή: Βιβλίο
Γλώσσα:English
Δημοσίευση: New York : McGraw-Hill, c1993
Έκδοση:3rd ed.
Σειρά:McGraw-Hill series in industrial engineering and management science
Θέματα:
Ετικέτες: Προσθήκη ετικέτας
Δεν υπάρχουν, Καταχωρήστε ετικέτα πρώτοι!

MARC

LEADER 00000nam a2200000 i 4500
001 1/45518
008 950131s1993 eng d
020 |a 0-07-112992-8 
035 |a 1995  |c ΠΑΠΑΔΟΠΟΥΛΟΣ  |l 10026158 
040 |a GR-MY-UA  |b gre  |e aacr 
041 0 |a eng 
082 0 |a 658.562 
100 1 |a Juran, J. M.  |q (Joseph M.)  |d 1904- 
245 1 0 |a Quality planning and analysis :  |b from product development through use /  |c J.M.Juran, Frank M.Gryna 
250 |a 3rd ed. 
260 |a New York :   |b McGraw-Hill,   |c c1993 
300 |a xxi, 634 p.;  |b ill.;  |c 24 cm. 
490 1 |a McGraw-Hill series in industrial engineering and management science 
504 |a Includes bibliographical references and index 
650 0 0 |a Quality control. 
650 0 0 |a Quality assurance. 
700 1 |a Gryna, Frank M. 
830 0 |a McGraw-Hill series in industrial engineering and management science 
852 |a INST  |b CHIOS  |e 19971202  |h 658.562 JUR  |p 005200010275  |q 005200010275  |t BK  |y 0 
852 |a INST  |b SAMOS  |e 19950131  |h 658.562 JUR  |p 005300006004  |q 005300006004  |t BK  |y 0 
901 |a BIBL-1997-3 
909 |a Χ  |b 051467 
909 |a Σ  |b 038723 
922 |a 2ΕΛΗ  |b 199711  |c ΒΑΛΙΡΗΣ  |d ΠΑΠΑΣΩΤΗΡΙΟΥ